000 00750nas a2200241 4500
001 BR2010000916
003 BR-BrBNA
005 20231205113919.0
007 ta
008 230509b bl.|||p| |||| 00| 00por d
040 _aBR-BrBNA
_bpor
_cBiblioteca Nacional de Agricultura
041 _a(Es)
072 _aH10
100 1 _aQuirós, D.I.
100 1 _aRemaudere, G.
100 1 _aNafria, J.M.N.
245 1 _aContribución al conocimiento de Aphididae y Phylloxeridae (Hemiptera: Sternorrhyncha de Panamá
650 _aHEMIPTERA
650 _aBIOLOGIA
773 0 _tNeotropical Entomology (Brazil)
_xISSN 1519-566X
_g(Nov-Dec 2009), v. 38(6) p. 791-800
_wBR2010000916
909 _a202311
_bLúcia
_c55
_dLúcia Elande
942 _2AGRIS
_n0
_cANA
999 _c206256
_d206256